000 01143nam a2200301 a 4500
001 BRL_1346
005 20190320211147.0
008 080114s1993----u--ao#####---#000-0#eng-#
020 _a0292776659
041 _aeng
044 _au
050 4 _aF1435.3.T48
_b.B58 1993
100 1 _aBlum Schevill, Margot
_926598
245 1 0 _aMaya textiles of Guatemala
_bthe Gustavus A. Eisen collection, 1902, the Hearst Museum of Anthropology, the University of California at Berkeley
_cby Margot blum Schevill ; with a historical essay by Christopher H. Lutz.
260 _aAustin, Texas
_bUniversity of Texas
_c1993
300 _axiii, 295 p.
_bil.
_c32 cm.
500 _aAu1582
500 _aIncluye índice de figuras y de materias
504 _aBibliografía: p. 273-285
600 1 4 _aEisen, Gustavus A.
_d1847-1940
_xColección etnologica
_926599
650 1 4 _aMayas
_xIndustria textil
_926600
650 1 4 _aIndustria textil indígena
_zGuatemala
_926496
650 1 4 _aTelas
_zGuatemala
_926499
700 1 _aLutz, Christopher H.
_926601
710 2 _aPhoebe Apperson Hearst Museum of Anthropology
_926602
902 _aGRL
942 _2lcc
_cB
999 _c10158
_d10158